Metodický návod na využitie analytickej evidencie malej účtovnej jednotky pôsobiacej v oblasti výroby v podmienkach SR bakalárska práca

Salvato in:
Dettagli Bibliografici
Autore principale: Hopko, Jakub
Ente Autore: Fakulta hospodárskej informatiky EU. Katedra účtovníctva a audítorstva
Altri autori: Podmanická, Martina, 1977-
Natura: Libro
Lingua:slovacco
Pubblicazione: Bratislava 2025
Tags: Aggiungi Tag
Nessun Tag, puoi essere il primo ad aggiungerne!!

MARC

LEADER 00000nbm a2200000 4500
001 0312300
005 20251204104503.2
041 0 |a slo 
044 |a SK 
245 1 0 |a Metodický návod na využitie analytickej evidencie malej účtovnej jednotky pôsobiacej v oblasti výroby v podmienkach SR  |b bakalárska práca  |c Jakub Hopko ; školiteľ: Martina Podmanická 
264 1 |a Bratislava  |c 2025 
300 |a 52 s. 
100 1 |a Hopko, Jakub 
700 1 |a Podmanická, Martina, 1977- 
710 2 |a Fakulta hospodárskej informatiky EU. Katedra účtovníctva a audítorstva